Les Miserables (2012 Movie) Actors - Statistics

General Stats
  • This quiz has been taken 772 times
  • The average score is 8 of 13
Answer Stats
Character Actor % Correct
Jean Valjean Hugh Jackman
97%
Fantine Anne Hathaway
93%
Javert Russell Crowe
88%
Marius Eddie Redmayne
81%
Cosette Amanda Seyfried
78%
Madame Thernardier Helena Bonham Carter
71%
Eponine Samantha Barks
64%
Thernardier Sacha Baron Cohen
61%
Enjolras Aaron Tveit
54%
Bishop Colm Wilkinson
35%
Gavroche Daniel Huttlestone
26%
Young Cosette Isabelle Allen
18%
Young Eponine Natalya Wallace
6%
No matching quizzes found
Score Distribution
Percent of People with Each Score
Percentile by Number Answered
Your Score History
You have not taken this quiz